000 00205nam a2200097Ia 4500
008 190216s9999||||xx |||||||||||||| ||und||
100 _aChummar T M
245 0 _aChindapatham
260 _bNull
942 _cBK
999 _c24112
_d24112